Confuse the issue (Record no. 69687)

MARC details
000 -LEADER
fixed length control field 01105cam a2200229 4500
001 - CONTROL NUMBER
control field WB3809-23
008 - FIXED-LENGTH DATA ELEMENTS--GENERAL INFORMATION
fixed length control field 020305n2002 000 0 eng u
035 ## - SYSTEM CONTROL NUMBER
System control number (Sirsi) u116992
245 ## - TITLE STATEMENT
Title Confuse the issue
260 ## - PUBLICATION, DISTRIBUTION, ETC.
Date of publication, distribution, etc. 2002
490 ## - SERIES STATEMENT
Series statement Estates Gazette
Volume/sequential designation (0209) 2 March 2002, 217(1)
520 ## - SUMMARY, ETC.
Summary, etc. The second in a series of four articles on statutory notices discusses the extent to which the reasonable recipient test applies to non-compliance. Examines the recent case "Speedwell Estates Ltd v Dalziel" (2002) where the Court of Appeal dealt with three appeals involving leases from the same landlord which centred on whether the tenant's notice of claim under the Leasehold Reform Act 1967 was valid. For the case see ABS65055
590 ## - LOCAL NOTE (RLIN)
Local note WB
650 ## - SUBJECT ADDED ENTRY--TOPICAL TERM
Topical term or geographic name entry element SPEEDWELL ESTATES LTD AND ANOTHER V DALZIEL AND OTHERS
650 ## - SUBJECT ADDED ENTRY--TOPICAL TERM
Topical term or geographic name entry element NON-COMPLIANCE
650 ## - SUBJECT ADDED ENTRY--TOPICAL TERM
Topical term or geographic name entry element STATUTORY NOTICES
650 ## - SUBJECT ADDED ENTRY--TOPICAL TERM
Topical term or geographic name entry element NOTICE OF CLAIM
650 ## - SUBJECT ADDED ENTRY--TOPICAL TERM
Topical term or geographic name entry element INVALID NOTICES
650 ## - SUBJECT ADDED ENTRY--TOPICAL TERM
Topical term or geographic name entry element LEASEHOLD ENFRANCHISEMENT
690 ## - LOCAL SUBJECT ADDED ENTRY--TOPICAL TERM (OCLC, RLIN)
Topical term or geographic name as entry element PROPERTY-RESIDENTIAL PROPERTY-RESIDENTIAL LANDLORD AND TENANT-RESIDENTIAL TENANCIES
942 ## - ADDED ENTRY ELEMENTS (KOHA)
Suppress in OPAC 0
Holdings
Withdrawn status Lost status Source of classification or shelving scheme Damaged status Not for loan Home library Current library Shelving location Date acquired Total Checkouts Full call number Barcode Date last seen Copy number Price effective from Koha item type
    Dewey Decimal Classification     London London News article 05/03/2002   WB3809-23 116992-1001 06/08/2019 1 06/08/2019 News article